Docklands (Record no. 77330)
[ view plain ]
| 000 -LEADER | |
|---|---|
| fixed length control field | 00995cab a2200229 4500 |
| 001 - CONTROL NUMBER | |
| control field | ##L134022 |
| 008 - FIXED-LENGTH DATA ELEMENTS--GENERAL INFORMATION | |
| fixed length control field | 060703n2006 000 0 eng u |
| 035 ## - SYSTEM CONTROL NUMBER | |
| System control number | (Sirsi) u134022 |
| 041 0# - LANGUAGE CODE | |
| Language code of text/sound track or separate title | eng |
| 100 1# - MAIN ENTRY--PERSONAL NAME | |
| Personal name | Stocks, Caroline |
| 245 00 - TITLE STATEMENT | |
| Title | Docklands |
| Remainder of title | regional |
| 260 ## - PUBLICATION, DISTRIBUTION, ETC. | |
| Date of publication, distribution, etc. | 2006 |
| 490 #0 - SERIES STATEMENT | |
| Series statement | Property Week |
| Volume/sequential designation | 71(25) 23 June 2006, 119-126(6) |
| 520 ## - SUMMARY, ETC. | |
| Summary, etc. | Reports on conflict between a local pressure group and a developer over a planned scheme on the site of the Queen's Market in Newham; the new generation of east London urban development corporations as viewed from the standpoint of the original LDDC members; and the trend for supermarkets and big retailers to include residential property as part of their new developments to maximise the value of their sites. |
| 590 ## - LOCAL NOTE (RLIN) | |
| Local note | IKA040706 |
| 651 #4 - SUBJECT ADDED ENTRY--GEOGRAPHIC NAME | |
| Geographic name | DOCKLANDS |
| 651 #4 - SUBJECT ADDED ENTRY--GEOGRAPHIC NAME | |
| Geographic name | EAST LONDON |
| 690 ## - LOCAL SUBJECT ADDED ENTRY--TOPICAL TERM (OCLC, RLIN) | |
| Topical term or geographic name as entry element | PROPERTY-COMMERCIAL PROPERTY-COMMERCIAL PROPERTY MARKET |
| 700 1# - ADDED ENTRY--PERSONAL NAME | |
| Personal name | Barrett, Claer |
| 700 1# - ADDED ENTRY--PERSONAL NAME | |
| Personal name | Morrison, Doug |
| 942 ## - ADDED ENTRY ELEMENTS (KOHA) | |
| Suppress in OPAC | 0 |
| Withdrawn status | Lost status | Source of classification or shelving scheme | Damaged status | Not for loan | Home library | Current library | Shelving location | Date acquired | Total Checkouts | Full call number | Barcode | Date last seen | Copy number | Price effective from | Koha item type |
|---|---|---|---|---|---|---|---|---|---|---|---|---|---|---|---|
| Dewey Decimal Classification | London | London | Journal article | 03/07/2006 | L134022 | 134022-1001 | 06/08/2019 | 1 | 06/08/2019 | Journal article |